Don Juan a jeho dvojník Moliére v martinskom Divadle SNP

Bibliographic Details
Main Author: Čavojský, Ladislav, 1932-2014 (Author)
Format: Article
Language:Slovak
Subjects:

MARC

LEADER 00000nab a2200000 a 4500
001 vtls000069052
003 SK-MaSNL
005 20260408045725.0
008 111103c1980 xo 0 slo
015 |a SNBRB19rr/mm-uuuuu 
035 |a CL0079152 
040 |a SNKBUCL  |b slo  |c SNKBUCL  |e AACR2 
041 0 |a slo 
044 |a xo  |c SK 
080 |a 792.2  |2 1981 
100 1 |a Čavojský, Ladislav,  |d 1932-2014  |4 aut  |9 101804 
245 1 0 |a Don Juan a jeho dvojník  |b Moliére v martinskom Divadle SNP  |c L. Čavojský 
600 0 7 |a Molière,  |d 1622-1673  |t Don Juan  |2 snkbucl 
610 2 7 |a Divadlo Slovenského národného povstania  |2 snkbucl  |9 232430 
651 7 |a 5306  |2 snkbucl  |9 893716 
655 7 |a články z novín a časopisov  |2 snkbucl  |9 267496 
773 0 |t Práca  |g Roč. 35, č. 232 (1. 10. 1980), s. 6 
850 |a Slovenská národná knižnica v Martine  |a MTA001 
852 |a SNK  |b KIS3GCP 
958 |a RK 
992 |a RBX 
999 |c 2157404  |d 2159334